|
|
|
|
| LEADER |
01593nam a22003372a 4500 |
| 001 |
000062712 |
| 003 |
CZ BrMZK |
| 005 |
20130820072834.0 |
| 007 |
ta |
| 008 |
950407s1977 xr f cze d |
| 015 |
|
|
|a cnb000164376
|
| 035 |
|
|
|a (OCoLC)42130165
|
| 040 |
|
|
|a BOA001
|b cze
|
| 100 |
1 |
|
|a Parolek, Radegast,
|d 1920-2019
|7 jk01091773
|4 aut
|
| 245 |
1 |
0 |
|a Ruská klasická literatura (1789-1917) /
|c Radegast Parolek, Jiří Honzík ; obr. materiál vybral Vladimír Fiala
|
| 250 |
|
|
|a 1. vyd.
|
| 260 |
|
|
|a Praha :
|b Svoboda,
|c 1977
|
| 300 |
|
|
|a 629 s.
|
| 504 |
|
|
|a Bibliografie na s. 570-578.
|
| 700 |
1 |
|
|a Honzík, Jiří,
|d 1924-2018
|7 jk01041956
|4 aut
|
| 856 |
4 |
1 |
|u http://www.digitalniknihovna.cz/mzk/uuid/uuid:959d8b70-0a23-11e3-beb8-005056827e51
|y Digitalizovaný dokument
|x NDK
|
| 910 |
|
|
|a BOA001
|b PK-0081.148
|b 3-0779.793
|
| 920 |
|
|
|a 000080571
|
| 964 |
|
|
|a Literatura ruská klasická - dějiny - r. 1789-1917
|
| 990 |
|
|
|a BK
|
| 996 |
6 |
|
|b 2619952686
|c 3-0779.793
|l MZK
|r Sklad / do 1 hodiny
|n 38
|w 000062712
|u 000070
|a 1
|e BOA001
|j MZK50
|s P
|
| 996 |
7 |
|
|b 2619977252
|c 3-0779.793
|l MZK
|r Sklad / do 1 hodiny
|n 55
|w 000062712
|u 000040
|a 1
|e BOA001
|j MZK50
|s A
|
| 996 |
6 |
|
|b 2619980290
|c 3-0779.793
|l MZK
|r HSS 4p
|n 3
|h 821.161.1 PAR
|w 000062712
|u 000050
|a 0
|e BOA001
|j MZK50
|s P
|
| 996 |
6 |
|
|b 3119940695
|c PK-0081.148
|l MZK
|r HSS 4p
|n 0
|h 821.161.1 PAR
|w 000062712
|u 000030
|a 0
|e BOA001
|j MZK50
|s P
|
| 996 |
7 |
|
|b 3119956521
|c PK-0081.148
|l MZK
|r Sklad / do 1 hodiny
|n 37
|w 000062712
|u 000020
|a 1
|e BOA001
|j MZK50
|s A
|
| 996 |
7 |
|
|b 3119972135
|c PK-0081.148
|l MZK
|r Sklad / do 1 hodiny
|n 60
|w 000062712
|u 000010
|a 1
|e BOA001
|j MZK50
|s A
|